Alphabet / (Record no. 3774)

MARC details
000 -LEADER
fixed length control field 01045cam a22002895a 4500
005 - DATE AND TIME OF LATEST TRANSACTION
control field 20240509132352.0
020 ## - INTERNATIONAL STANDARD BOOK NUMBER
International Standard Book Number 9781416955658 (board book)
040 ## - CATALOGING SOURCE
Original cataloging agency DAD
Transcribing agency DAD
Modifying agency BAKER
-- UPZ
-- DLC
Language of cataloging eng
050 00 - LIBRARY OF CONGRESS CALL NUMBER
Classification number QL49.V3645
082 00 - DEWEY DECIMAL CLASSIFICATION NUMBER
Classification number 428.13
100 1# - MAIN ENTRY--PERSONAL NAME
Personal name Fleet, Matthew Van
245 10 - TITLE STATEMENT
Title Alphabet /
Statement of responsibility, etc. Matthew Van Fleet ; edited and art directed by Skip Skwarek.
260 ## - PUBLICATION, DISTRIBUTION, ETC.
Place of publication, distribution, etc. New York :
Name of publisher, distributor, etc. Simon & Schuster Books for Young Readers,
Date of publication, distribution, etc. 2008
300 ## - PHYSICAL DESCRIPTION
Extent 19 unnumbered pages :
Other physical details color illustrations :
Dimensions 19 cm .
505 ## - FORMATTED CONTENTS NOTE
Formatted contents note H <br/>
520 ## - SUMMARY, ETC.
Summary, etc. Over 100 creatures and plants from A to Z hilariously demonstrate action words, synonyms, opposites and more.
521 ## - TARGET AUDIENCE NOTE
Target audience note 430 <br/>
Source Lexile estimate <br/>
521 ## - TARGET AUDIENCE NOTE
Target audience note H <br/>
Source Raz-Pllus <br/>
650 #0 - SUBJECT ADDED ENTRY--TOPICAL TERM
Topical term or geographic name entry element Animals
Form subdivision Juvenile literature.
650 #0 - SUBJECT ADDED ENTRY--TOPICAL TERM
Topical term or geographic name entry element Plants
Form subdivision Juvenile literature.
650 #0 - SUBJECT ADDED ENTRY--TOPICAL TERM
Topical term or geographic name entry element Alphabet books
Form subdivision Juvenile literature.
650 #0 - SUBJECT ADDED ENTRY--TOPICAL TERM
Topical term or geographic name entry element Toy and movable books
Form subdivision Specimens.
700 1# - ADDED ENTRY--PERSONAL NAME
Personal name Skwarek, Skip
906 ## - LOCAL DATA ELEMENT F, LDF (RLIN)
a 7
b cbc
c copycat
d 2
e ncip
f 20
g y-gencatlg
942 ## - ADDED ENTRY ELEMENTS (KOHA)
Source of classification or shelving scheme Dewey Decimal Classification
Koha item type Books
Suppress in OPAC No
999 ## -
-- 3774
-- 3774
Holdings
Withdrawn status Lost status Source of classification or shelving scheme Damaged status Not for loan Collection Home library Current library Shelving location Date acquired Total Checkouts Full call number Barcode Date due Date last seen Date last checked out Price effective from Koha item type
    Dewey Decimal Classification     Fiction Footprints International School Library Network Toul Kork Campus Footprints International School Library Network Toul Tom Poung Campus   05/06/2024 4 FLE 428.13 QL49.V3645 2024-0570 04/24/2026 04/10/2026 04/10/2026 05/06/2024 Books